La naranja mecánica /
Al quinceañero Alex le gustan los latigazos de ultraviolencia. Él y su pandilla de amigos roban, matan y violan en un futuro de pesadilla, hasta que el Estado pone fin a sus desmanes. Pero ¿Qué significará para el su reeducación? La naranja mecánica es un horror distópico, una comedia negra una expl...
Guardado en:
| Autor Principal: | |
|---|---|
| Formato: | Libro |
| Publicado: |
Buenos Aires :
Minotauro,
2023.
|
| Series: | Esenciales
|
| Materias: | |
| Etiquetas: |
Agregar Etiqueta
Sin Etiquetas, Sea el primero en etiquetar este registro!
|
| LEADER | 01138nam a22002415a 4500 | ||
|---|---|---|---|
| 001 | CEM.cems020574 | ||
| 008 | 231025s2023##################000#0#####d | ||
| 005 | 20231025113452.0 | ||
| 245 | 1 | 0 | |a La naranja mecánica / |c Anthony Burgess |
| 260 | |a Buenos Aires : |b Minotauro, |c 2023. | ||
| 300 | |a 248 p. | ||
| 490 | 1 | |a Esenciales | |
| 500 | |a Traducido por Juan Pascual Martínez Fernández. | ||
| 520 | |a Al quinceañero Alex le gustan los latigazos de ultraviolencia. Él y su pandilla de amigos roban, matan y violan en un futuro de pesadilla, hasta que el Estado pone fin a sus desmanes. Pero ¿Qué significará para el su reeducación? La naranja mecánica es un horror distópico, una comedia negra una exploración de la capacidad de elección, pero también es una obra plena de invención donde se creó un nuevo lenguaje para sus personajes. | ||
| 020 | |a 9789505472734 | ||
| 100 | 1 | |a Burgess, Anthony | |
| 082 | 0 | 4 | |a 823.9 |
| 653 | |a Literatura | ||
| 653 | |a Literatura inglesa | ||
| 653 | |a Novelas | ||
| 653 | |a Novela inglesa | ||
| 653 | |a Novela ciencia ficción | ||
| 859 | |a CEMS |b BIB. CEMS - 11 de abril |h 823.9 |i B912-1 |p 29787.23 |t Ej.1 | ||
